[Event "ROM-ch U10 Boys"]
[Site "Voineasa"]
[Date "2008.04.15"]
[Round "5"]
[White "Silcov, Octavian Andrei"]
[Black "Andreica, Radu Adrian"]
[Result "1/2-1/2"]
[WhiteElo "404"]
[BlackElo "563"]
[PlyCount "85"]
[EventDate "2008.04.08"]
[EventType "swiss"]
[EventRounds "9"]
[EventCountry "ROU"]
[SourceTitle "EXT 2013"]
[Source "ChessBase"]
[SourceDate "2012.11.22"]
[SourceVersion "1"]
[SourceVersionDate "2012.11.22"]
[SourceQuality "1"]

1. e4 e5 2. Nf3 Nc6 3. d3 Bc5 4. Nc3 Nf6 5. Be2 d6 6. 0-0 0-0 7. Bg5 Bg4 8. Bxf6 Qxf6 9. Nd5 Qd8 10. h3 Bh5 11. c3 Bxf3 12. Bxf3 Ne7 13. Nxe7+ Qxe7 14. d4 Bb6 15. dxe5 dxe5 16. Qd3 Rad8 17. Qe2 Rd6 18. Rad1 Rfd8 19. Rxd6 Rxd6 20. Rd1 h6 21. Rxd6 Qxd6 22. Qd1 Qc5 23. Qd2 Qe7 24. b4 c6 25. a3 Qd8 26. Qxd8+ Bxd8 27. a4 Kf8 28. Kf1 Ke7 29. Ke2 Kd6 30. c4 a5 31. bxa5 Bxa5 32. Kd3 Kc5 33. Bd1 Be1 34. f3 Bf2 35. Kc3 Bd4+ 36. Kb3 b5 37. cxb5 cxb5 38. axb5 Kxb5 39. g4 Kc5 40. Kc2 Kd6 41. Kd3 Ke6 42. Ke2 Kf6 43. h4 1/2-1/2